01061cam a22002771 4500001001300000003000400013005001700017008004100034010001700075035002000092040004200112042001200154050003100166100002300197245006600220260003300286300005700319490011100376504003300487650003300520650003500553650004100588740003800629830005100667830006500718gs 54000351 DLC20260227111402.0891016s1954 sw ab b 000 0 eng c ags 54000351  a(OCoLC)20497976 aU.S. Geol. Survey. Libr.cCUdCUdDLC apremarc00aQE282b.A3 ser. C, no. 5221 aEriksson, Tryggve.10aPre-Cambrian geology of the Pajala district, northern Sweden. aStockholm,bNorstedt,c1954. a38 p.billus., maps (3 fold. col. in pocket)c24 cm.1 aSveriges geologiska undersökning. Ser. C. Avhandlingar och uppsatser,vn:o 522. Årsbok 45 (1951) n:o 3 a"List of references": p. 38. 0aGeologyzSwedenzNorrbotten. 0aPetrologyzSwedenzNorrbotten. 0aGeology, StratigraphicyPrecambrian.0 aPajala district, northern Sweden. 0aSer. C--Avhandlingar och uppsatser ;vn:o 522. 0aÅrsbok (Sveriges geologiska undersökning) ;v45 : n:o 3.